000 00545nam a2200181Ia 4500
008 090124s9999 xx 000 0 und d
082 _b46134
100 _aमिरासदार द.मा.
245 _a गोष्टीच गोष्टी
250 _a1
260 _c2006
300 _a184
600 _aमिरासदार द.मा.
630 _a गोष्टीच गोष्टी
700 _aमिरासदार द.मा.
730 _a गोष्टीच गोष्टी
942 _cBOOK
999 _c112353
_d112353